Top 5 Biggest Allies of every country 10# - Statistics

General Stats
  • This quiz has been taken 41 times
  • The average score is 61 of 75
Answer Stats
Answer % Correct
United Kingdom
100%
United Kingdom
100%
United States
97%
United States
97%
United States
97%
United States
97%
United States
97%
United States
97%
Brazil
92%
Brazil
92%
Germany
92%
Germany
92%
Iran
92%
Iran
92%
Spain
92%
Spain
92%
Spain
92%
Australia
90%
Egypt
90%
France
90%
France
90%
France
90%
Italy
90%
Saudi Arabia
90%
Syria
90%
Ukraine
90%
China
87%
Colombia
87%
Colombia
87%
Japan
87%
Japan
87%
Japan
87%
Japan
87%
New Zealand
87%
Argentina
85%
Argentina
85%
Cuba
85%
Czechia
85%
Indonesia
85%
Russia
85%
Belarus
82%
Costa Rica
82%
Dominican Republic
82%
Dominican Republic
82%
Bolivia
79%
Hungary
79%
Kazakhstan
79%
Slovakia
79%
Jordan
77%
South Korea
77%
Democratic Republic of the Congo
74%
Oman
74%
Turkey
74%
Dominica
72%
India
72%
India
72%
India
72%
Mexico
72%
Mexico
72%
Mexico
72%
Moldova
72%
Venezuela
72%
Haiti
69%
Taiwan
67%
Taiwan
67%
Taiwan
67%
Uganda
67%
Serbia
64%
Serbia
64%
Solomon Islands
59%
Tanzania
59%
Antigua and Barbuda
54%
Armenia
54%
Burundi
54%
Vanuatu
51%
No matching quizzes found
Score Distribution
Percent of People with Each Score
Percentile by Number Answered
Your Score History
You have not taken this quiz